Midwest States - Statistics

General Stats
  • This quiz has been taken 23 times
  • The average score is 11 of 12
Answer Stats
State % Correct
Ohio
100%
Illinois
94%
Indiana
94%
Michigan
94%
Minnesota
94%
Nebraska
94%
North Dakota
94%
South Dakota
94%
Wisconsin
94%
Iowa
88%
Missouri
88%
Kansas
82%
No matching quizzes found
Score Distribution
Percent of People with Each Score
Percentile by Number Answered
Your Score History
You have not taken this quiz